| 000 | 00819nam a22002295i 4500 | ||
|---|---|---|---|
| 001 | 165669 | ||
| 003 | ES-MaACL | ||
| 005 | 20250815062649.0 | ||
| 008 | 991026s1895 sp |||| | spa d | ||
| 100 | 1 |
_aSpencer, Herbert, _d1820-1903 _9107684 |
|
| 245 | 1 | 0 |
_aExceso de legislación / _cpor Herbert Spencer ; traducción de Miguel de Unamuno. |
| 260 |
_aMadrid : _bLa España Moderna, _c[1895] ( _fImp. de V. Tordesillas) |
||
| 300 |
_a327 p. ; _c23 cm. |
||
| 490 | 1 | _aBiblioteca de jurisprudencia, filosofía e historia | |
| 510 | 4 |
_aPalau XXII, _c321483 |
|
| 650 | 4 |
_aLegislación. _9136347 |
|
| 700 | 1 |
_aUnamuno, Miguel de, _d1864-1936 _9111982 |
|
| 752 |
_aEspaña - _dMadrid |
||
| 830 | 1 | 0 |
_aBiblioteca de jurisprudencia, filosofía e historia _9180691 |
| 852 |
_aES-MaACL _jF-14801 |
||
| 999 |
_c165669 _d165669 |
||